Membros do Monsta X - Statistics

Estatísticas Gerais
  • Esse quiz foi jogado 5 vezes
  • A pontuação média é 5 de 7
Estatísticas das Respostas
Resposta % Correto
I.M
100%
Shownu
80%
Wonho
80%
Hyungwon
60%
Joohoney
60%
Kihyun
60%
Minhyuk
60%
Nenhum quiz correspondente encontrado
Distribuição das Pontuações
Porcentagem de Pessoas com Cada Pontuação
Percentil de Números Respondidos
Sua Pontuação Histórica
Você não jogou esse quiz